[Event "Hoogeveen m1"]
[Site "Hoogeveen"]
[Date "2016.10.20"]
[Round "4"]
[White "Hou, Yifan"]
[Black "Short, Nigel D"]
[Result "0-1"]
[WhiteElo "2649"]
[BlackElo "2670"]
[Annotator "Stohl,I"]
[PlyCount "72"]
[EventDate "2016.10.16"]
[EventType "match"]
[EventRounds "6"]
[EventCountry "NED"]
[SourceTitle "CBM 175"]
[Source "ChessBase"]
[SourceDate "2016.11.10"]
[SourceVersion "1"]
[SourceVersionDate "2016.11.10"]
[SourceQuality "1"]

1. e4 e6 2. d4 d5 3. e5 {Hou Yifan was trailing by a point and decided to try
something new. However, she had never played the Advance French previously,
while Short has extensive experience with this opening since his junior years.}
({Earlier in the match the World Champion hasn't been too impressive with her
usual} 3. Nc3 Nf6 4. e5 Nfd7 5. f4 c5 6. Nf3 Nc6 7. Be3 a6 8. Qd2 b5 ({For} 
8... Be7 9. a3 $5 {see Kramnik-Meier, Baku olm 2016.} (9. g3 O-O 10. Bh3 {
Hou,Y (2649)-Korobov,A (2687) Bastia 2016} {This game was played after the
Hoogeveen match, here} b5 $132 {promises Black typical counterplay.})) 9. dxc5
Bxc5 10. Bd3 Qb6 11. Bf2 Bxf2+ 12. Qxf2 Qxf2+ 13. Kxf2 Ke7 14. a3 Nb6 15. Rhe1
Bd7 16. Ne2 Rag8 17. h4 h5 18. Ned4 Nxd4 19. Nxd4 Na4 20. b3 Nc5 21. Ke3 Rb8
22. Re2 f5 23. Kd2 Rhc8 24. Re3 Rc7 25. c3 g6 26. Bc2 Be8 27. Kc1 Bd7 $11 {
Hou,Y (2649)-Short,N (2670) Hoogeveen 2016}) 3... c5 4. c3 Bd7 5. Nf3 Qb6 6.
Bd3 {The 3.e5 experts prefer other moves.} ({Movsesian usually plays} 6. Be2
cxd4 (6... Bb5 7. c4 Bxc4 8. Bxc4 dxc4 9. d5 exd5 10. Qxd5 Ne7 11. Qxc4 Qb4+
12. Nbd2 $1 $14) ({However, Short would have possibly tranposed into the main
line with} 6... Nc6) 7. cxd4 Bb5 8. O-O Bxe2 9. Qxe2 Ne7 (9... Qa6 10. Qd1 Nc6
11. Be3 Nge7 12. Nc3 Nf5 13. g4 $1 Nxe3 14. fxe3 Be7 15. Ne2 h5 16. g5 g6 17.
Rf2 h4 18. Nf4 Bd8 19. Nd3 b6 20. Qe2 Ne7 21. e4 Rc8 22. a3 Qb7 23. Nd2 Rc2 24.
Qf3 Rh7 25. exd5 Nxd5 26. Ne4 $36 {Rozentalis,E (2570)-Schmidt,W (2434)
Zakopane 2000}) 10. Nc3 Nec6 11. Be3 Nd7 12. Ne1 Be7 13. Nd3 Qa6 14. Qd1 O-O-O
15. a3 Kb8 16. b4 Qb6 17. Rb1 Ka8 18. Qd2 (18. Qg4 $1 $14) 18... Ndxe5 19. Nxe5
Nxe5 20. dxe5 d4 21. Na4 Qb5 22. Bxd4 Qxa4 $11 {Movsesian,S (2659)-Berkes,F 
(2578) Budapest 2003/ For more details see the notes in CBM 095 by Movsesian.})
({Sveshnikov's favourite is} 6. a3 Bb5 (6... a5 $5) 7. b4 cxd4 8. Bxb5+ Qxb5 9.
cxd4 Nd7 10. Nc3 Qc6 11. Na4 a5 12. Bd2 axb4 13. axb4 Qa6 14. b5 Qxb5 15. Nc3
Rxa1 16. Nxb5 Rxd1+ 17. Kxd1 $44 Nb8 18. Ke2 Kd7 19. Rb1 Nc6 20. Na7 $1 $36 {
Sveshnikov,E (2557)-Grosar,A (2451) Celje 2003}) 6... cxd4 7. Nxd4 $5 {An
interesting choice, White wants some imbalance.} ({More usual is} 7. cxd4 Bb5 (
{Black still has} 7... Nc6 {This leads to positions from the main line with 4..
.Nc6.}) 8. O-O Bxd3 9. Qxd3 Nc6 10. Nc3 (10. Na3 Nge7 11. Bd2 Nf5 12. Nc2 h5
13. a3 Be7 14. b4 Rc8 15. Rad1 a6 16. Bc1 Qb5 17. Qd2 a5 18. Ne3 g6 19. bxa5
Nxa5 20. Qa2 Nh4 21. Nxh4 Bxh4 22. Bd2 Nc6 $15 {Caruso,A (2256)-Rozentalis,E 
(2588) Cento 2011}) 10... Nge7 11. Be3 Ng6 (11... Nf5 12. Nxd5 $1) 12. h4 h5
13. g3 Qd8 14. a3 Qd7 15. b4 Nge7 16. Rac1 Nc8 17. Ne2 Be7 18. Bd2 a6 19. Nf4
g6 20. Ng2 N8a7 21. Bg5 $1 $14 {Perez Mitjans,O (2445)-Ramos Aldoradin,J (2126)
Madrid 2010}) 7... Nc6 {The most natural reaction.} (7... Bc5 8. O-O $5 (8. Qg4
Ne7 9. Qxg7 Rg8 10. Qf6 Rxg2 11. Bxh7 Ng8 $1 $36) 8... Bxd4 9. cxd4 Qxd4 10.
Nc3 a6 11. Re1 Bc6 12. Ne2 Qg4 (12... Qxe5 $2 13. Ng3 Qc7 14. Qg4 g6 15. Qd4 f6
16. Rxe6+ Kf7 17. Bf4 $40 {Areshchenko,A (2714)-Rustemov,A (2538) Germany 2014
See the notes to this game in CBM 159 by CD Meyer.}) 13. h3 Qh5 14. Bf4 Bb5 15.
Qb3 (15. Qc1 $1 Nc6 16. Ng3 Qh4 17. Be4 $1 h6 18. Bxd5 $36 {Moradiabadi}) 15...
Ne7 16. Bxb5+ axb5 17. Qxb5+ Nbc6 18. Qxb7 O-O 19. Qb3 Rab8 20. Qc3 Rfc8 21.
Qd2 h6 22. Rac1 Qh4 23. b3 Nf5 24. g4 Nfe7 25. Kg2 $14 {Grischuk,A (2746)
-Morozevich,A (2694) Khanty-Mansiysk 2011 See the notes to this game in CBM
145 by Moradiabadi.}) 8. Nxc6 {White is of course unwilling to lose time.} (8.
Nf3 $6 f6 9. Qe2 (9. exf6 Nxf6 $15) 9... fxe5 10. Nxe5 Nxe5 11. Qxe5 Nf6 12.
O-O Bd6 13. Qe2 O-O 14. c4 e5 $1 $36 15. cxd5 $2 e4 $1 16. Bxe4 (16. Bc4 Ng4
$19 {[%csl Rf2,Rh2]}) 16... Rae8 17. Nc3 Nxe4 18. Nxe4 Qd4 19. Qe3 Rxe4 20.
Qxd4 Rxd4 21. Be3 Ra4 {0-1, Rindlisbacher,L (2334)-Del Rio de Angelis,S (2491)
Oslo 2012}) 8... bxc6 {Strengthens the centre.} (8... Bxc6 $6 9. Qe2 {makes
less sense:} a5 10. O-O Bc5 11. Nd2 a4 12. Nf3 h6 13. Bf4 Qa7 14. Rfd1 Ne7 15.
Bc2 Qa6 16. Qe1 Bb5 17. Be3 Bxe3 18. Qxe3 Be2 19. Rd4 Bc4 20. Rg4 g5 21. h4 Nf5
22. Qd2 Nxh4 23. Nxh4 gxh4 24. Rxh4 $16 {Hracek,Z (2594)-Drazic,S (2430)
Sibenik 2016}) 9. O-O (9. Nd2 Ne7 10. Nf3 c5 11. Qe2 Rb8 ({Black falls behind
in development -} 11... Nc6 $142 12. O-O Be7 $13) 12. b3 Nc6 13. O-O Qc7 14.
Bf4 g6 15. Bg3 Bg7 16. c4 d4 17. Rae1 a5 18. Nd2 a4 19. h4 axb3 20. axb3 Ne7
21. h5 Bc6 22. Bf4 O-O 23. Qg4 Nf5 24. Bxf5 exf5 25. Qg3 $36 {Edouard,R (2652)
-Vaisser,A (2556) Pau 2012}) 9... Ne7 (9... f5 $6 {closes the b1-h7 diagonal,
but weakens e6 and loses the option to undermine the centre with f6. All in
all it seems strategically dubious:} 10. Nd2 (10. c4 Ne7 11. Nc3 Ng6 12. Be3 d4
13. Na4 Qa5 14. Bd2 Qxe5 15. Re1 Qf6 16. c5 Be7 17. Qb3 Bc8 18. f4 Bd8 19. Bc4
Kf7 20. Re2 Re8 21. Rae1 $44 {Shabalov,A (2592)-Akobian,V (2547) Stratton
Mountain 2003}) 10... Ne7 11. Nf3 c5 12. Re1 a5 13. Rb1 h6 14. b3 (14. h4 $5)
14... g5 15. a3 Bg7 16. b4 c4 17. Bc2 Qc7 $6 (17... axb4 18. axb4 $14) 18. b5
$1 O-O 19. a4 Ng6 20. Ba3 Rf7 21. Bd6 Qb7 22. Nd4 $16 {Shabalov,A (2575)
-Akobian,V (2533) Denver 2003}) ({Black develops his kingside first, but maybe
he can afford even} 9... c5 10. c4 d4 (10... dxc4 $6 11. Be4 Rd8 12. Nd2 Qa6
13. b3 Bb5 14. a4 c3 15. axb5 $1 Qxa1 16. Bc6+ Ke7 17. Qc2 Qa5 18. Nc4 Qc7 19.
Qxc3 f6 20. Bf4 Kf7 21. g3 f5 22. Ra1 $18 {Yu,Y (2688)-Zatonskih,A (2491)
Caleta 2013}) 11. Nd2 Ne7 12. Qe2 Ng6 13. h4 Bc6 14. g3 h5 15. a3 Qc7 16. Nf3
Qb7 17. Ng5 Be7 18. Bf4 Nxf4 19. gxf4 Bxg5 20. fxg5 Bf3 21. Qc2 O-O 22. Rfe1 a5
$15 {Bauduin,E (2270)-Sanchis,A (2252) France 2003}) 10. Qe2 (10. Nd2 {Black
can deploy his N as Nigel with} c5 $5 (10... Ng6 11. Nf3 {leads to a complex
fight, Black can't underestimate White's kingside attacking chances.} Be7 12.
Re1 (12. Qe2 c5 13. c4 dxc4 14. Be4 Bc6 15. Qxc4 O-O 16. Bxc6 Qxc6 17. b3 Rfd8
18. Re1 Rd5 19. Ba3 Rad8 20. Rac1 h6 21. h4 h5 22. Bb2 Qb7 23. Kf1 R8d7 24. Rc2
Rd3 $11 {Potkin,V (2522)-Lastin,A (2632) Istanbul 2003}) 12... a5 $5 (12... O-O
13. Ng5 Bxg5 14. Bxg5 h6 15. Bc1 f5 16. exf6 Rxf6 17. Qc2 Be8 18. Be3 Qb8 19.
Qb3 Bd7 20. Qxb8+ Rxb8 21. Bxa7 Rxb2 22. a4 $16 {Ehlvest,J (2600)-Milov,V 
(2592) Santo Domingo 2003}) (12... c5 13. Rb1 Bb5 14. Bc2 a5 15. Ng5 Rd8 16. b3
Rd7 17. Qf3 Bd8 18. Qh3 Nf8 {Ehlvest,J (2602)-Ibragimov,I (2587) Las Vegas 2003
} 19. c4 $1 $16) 13. Qe2 h6 14. g3 Bc5 15. Rb1 Qa7 16. Qc2 (16. h4 $5) 16...
O-O 17. Be3 Ne7 18. Qd2 Bxe3 19. Qxe3 Qxe3 20. Rxe3 c5 21. b3 Bc6 22. Nd2 Rfd8
23. Ree1 Rab8 24. a3 Bb5 25. Bxb5 Rxb5 $15 {Kadric,D (2171)-Golubovic,B (2392)
Rijeka 2010}) 11. Qe2 Nc6 12. Nf3 Be7 $13 {It's possibly a better choice, we
have already mentioned this position in the note to Edouard-Vaisser above.})
10... a5 (10... Ng6 11. Kh1 Be7 12. f4 O-O 13. Nd2 f5 (13... c5 14. Nf3 Rab8
$132 {[%cal Yd7b5]}) 14. exf6 Rxf6 (14... Bxf6 $5 $13) 15. Nf3 Bd6 16. Be3 c5
17. g3 Qb7 $2 (17... a5 $142) 18. b4 $1 cxb4 19. Bd4 e5 20. fxe5 Re8 21. Ng5
Nxe5 22. Rxf6 gxf6 23. Qh5 Bc6 24. Nxh7 Nxd3 25. Qg6+ Qg7 26. Nxf6+ {1-0,
Timman,J (2596)-De Jong,M (2319) Amsterdam 2004}) 11. Nd2 c5 12. c4 (12. Nf3 $5
) 12... Nc6 13. f4 $6 {This limits the Bc1. Even now piece play with} (13. Nf3
$13 {seems preferable.}) 13... g6 14. Kh1 Be7 (14... Bg7 $5 $15 {takes the
sting out of White's 16-th move.}) 15. b3 O-O 16. f5 $5 {[%mdl 64] Black has
finished his development and is solid on the kingside with active perspectives
on the opposite flank. This violent tactical try is a good chance to get
counterplay.} (16. cxd5 exd5 17. Qf3 (17. f5 Nd4 18. Qg4 Kh8 $17) 17... a4 $36
{/\} 18. Qxd5 Be6) (16. Nf3 Nb4 17. f5 exf5 18. cxd5 Nxd5 $5 (18... Nxd3 19.
Qxd3 Bb5 20. Qd1 Bxf1 21. Qxf1 $15 {/~~}) 19. Bc4 Be6 $15 {/-/+}) 16... exf5 (
16... Nd4 17. Qf2 Nxf5 18. Bxf5 gxf5 19. Nf3 d4 $5 (19... Kh8 20. Bg5 $44) 20.
Bh6 Kh8 21. Ng5 (21. Bxf8 Rxf8 $17) 21... Be8 $1 22. Qh4 (22. Qf3 Qc6 23. Bxf8
Qxf3 24. gxf3 Bxf8 25. Nh3 Bc6 26. Nf4 $13 {/=}) 22... Rg8 23. Nxf7+ Bxf7 24.
Qxe7 Rg6 $11) (16... gxf5 $6 17. cxd5 exd5 (17... Nd4 18. Nc4 $1 $36) {is a
typical computer idea, which a human GM would hardly consider. After} 18. Bb2
Nb4 19. Bxf5 Bxf5 20. Rxf5 Qe6 21. Raf1 $36 {White simply has too much
kingside play.}) 17. cxd5 Nxe5 18. Nf3 $2 {[%mdl 8192] This is however a
serious mistake with irreparable consquences.} (18. Qxe5 $2 Bf6 19. Nc4 Qd8 $17
) ({The best was} 18. Nc4 $142 $1 Nxc4 19. Qxe7 Qd6 20. Qxd6 Nxd6 21. Bf4 Ne4
22. Rac1 $13 {White should have enough compensation for the pawn to hold the
balance.}) (18. Bb2 Nxd3 19. Nc4 Qb7 20. Qxd3 a4 21. Rfe1 Bd8 $13 {/=/+}) 18...
Nxd3 19. Qxe7 (19. Qxd3 Bb5 $19) 19... Bb5 {[%csl Gd3] Black has an extra pawn
and his powerful Nd3 will deal with White's remaining attacking ambitions.} 20.
Qh4 (20. Bg5 f6 (20... Rfd8 $5 21. a4 Rd7 22. Qf6 Rd6 $5 23. Qc3 Ba6 $19) 21.
Bh6 Rf7 22. Qe6 Qxe6 23. dxe6 Re7 $19) 20... f6 $5 21. Bd2 (21. Nd2 Rfe8 (21...
Qd6 22. Nc4) 22. Nc4 Qa6 $19 {[%cal Ye8e4]}) 21... Rad8 22. Bc3 Rxd5 $19 {
Black has both a material and a positional advantage - the game is decided.}
23. Qh6 Qc7 (23... f4 $1 {[%cal Rd5h5] wins immediately, the only way to save
the Q is} 24. g4 (24. Qh3 Rh5 25. Qg4 f5 $19) 24... fxg3 $19) 24. a4 Ba6 25.
Qe3 Qd7 $1 {[%mdl 128] White has saved her Q, but Short throws all his pieces
into the attack, ignoring trifles as the Pa5.} 26. Bxa5 Re8 27. Qg1 (27. Qh6 f4
$19) 27... Re2 $40 28. Bc3 Rd6 29. h3 Rc2 30. Ba5 Bb7 31. Qh2 f4 {[%cal Gb7h1,
Gc2h2,Gd7h3] Fantastic coordination!} 32. Qg1 Ne5 33. Ne1 (33. Nxe5 Qxh3+ 34.
Qh2 Bxg2+ 35. Kg1 Qe3+) 33... Rxg2 {Black is already spoiled for choice.} (
33... Bxg2+ 34. Nxg2 Rd3 $19) (33... Rd3 $19) 34. Nxg2 Qxh3+ 35. Qh2 Bxg2+ 36.
Kg1 Bxf1 (36... Bxf1 37. Qxh3 (37. Rxf1 Nf3+ 38. Rxf3 Rd1+ {forces mate}) 37...
Bxh3 $19) 0-1

[Event "Corsica Masters KO 20th"]
[Site "Bastia"]
[Date "2016.10.28"]
[Round "2.2"]
[White "Hou, Yifan"]
[Black "Korobov, Anton"]
[Result "0-1"]
[WhiteElo "2649"]
[BlackElo "2687"]
[PlyCount "115"]
[EventDate "2016.10.27"]
[EventType "k.o. (rapid)"]
[EventRounds "4"]
[EventCountry "FRA"]
[SourceTitle "EXT 2018"]
[Source "ChessBase"]
[SourceDate "2017.10.13"]
[SourceVersion "1"]
[SourceVersionDate "2017.10.13"]
[SourceQuality "1"]

1. e4 c5 2. Nf3 Nc6 3. Bb5 g6 4. Bxc6 bxc6 5. O-O Bg7 6. Re1 Nh6 7. c3 O-O 8.
h3 f5 9. e5 Nf7 10. d3 Rb8 11. Na3 Ba6 12. c4 d6 13. Qa4 Bc8 14. exd6 exd6 15.
Rb1 g5 16. Nh2 Ne5 17. Qd1 g4 18. f4 Ng6 19. Nc2 Qh4 20. Nf1 gxh3 21. g3 Qg4
22. Kh2 Bd4 23. Nfe3 Qxd1 24. Nxd1 Bd7 25. Be3 Bg7 26. Kxh3 Rfe8 27. Nc3 Kf7
28. Bd2 Rh8 29. Ne3 h5 30. Rf1 h4 31. g4 fxg4+ 32. Nxg4 Bf5 33. Ne4 Ke6 34.
Rbe1 Kd7 35. Bc3 Rhg8 36. Bxg7 Rxg7 37. Nef6+ Kc8 38. Re8+ Kb7 39. Rxb8+ Kxb8
40. Rf3 a5 41. Ne8 Rg8 42. Nef6 Rf8 43. Nh5 Bc8 44. b3 a4 45. bxa4 Ka7 46. Ng7
Ne5 47. fxe5 Rxf3+ 48. Kxh4 Rf7 49. Nh5 Bxg4 50. Kxg4 dxe5 51. Ng3 Rf4+ 52. Kg5
Rf3 53. Ne4 Rxd3 54. Kf5 Rd4 55. Nxc5 Rxc4 56. Ne4 Rxa4 57. Kxe5 Rxa2 58. Kd4
0-1

[Event "Medias Kings m2 fin blitz 10th"]
[Site "Medias"]
[Date "2016.11.30"]
[Round "1"]
[White "Hou, Yifan"]
[Black "Cosma, Elena Luminita"]
[Result "1-0"]
[WhiteElo "2651"]
[BlackElo "2324"]
[PlyCount "87"]
[EventDate "2016.11.30"]
[EventType "match (blitz)"]
[EventRounds "2"]
[EventCountry "ROU"]
[SourceTitle "CBM 175 Extra"]
[Source "ChessBase"]
[SourceDate "2016.12.12"]
[SourceVersion "1"]
[SourceVersionDate "2016.12.12"]
[SourceQuality "1"]

1. b3 d5 2. Bb2 e6 3. Nf3 Nf6 4. g3 Be7 5. Bg2 O-O 6. O-O b6 7. c4 Bb7 8. d3 c5
9. e3 Nc6 10. Qe2 Qc7 11. Nc3 Rad8 12. Rad1 Rfe8 13. e4 d4 14. Nb5 Qb8 15. e5
Nd7 16. Rfe1 a6 17. Na3 Bf8 18. Bc1 h6 19. h4 Ne7 20. h5 Qa8 21. Nb1 Nxe5 22.
Nxe5 Bxg2 23. f3 Bh3 24. g4 f6 25. Qh2 fxe5 26. Qxh3 Nc6 27. Nd2 Nb4 28. Ne4
Nxa2 29. Bd2 Qb7 30. Kh2 Qf7 31. Rg1 Nc3 32. g5 Nxe4 33. fxe4 Qf2+ 34. Rg2 Qf7
35. gxh6 Kh8 36. Rdg1 gxh6 37. Rg6 Bg7 38. Rxg7 Qxg7 39. Rxg7 Kxg7 40. Qg4+ Kf7
41. Bxh6 Rg8 42. Qh4 Ke8 43. Qf6 Kd7 44. Qxe5 1-0

[Event "Medias Kings m2 fin blitz 10th"]
[Site "Medias"]
[Date "2016.11.30"]
[Round "2"]
[White "Cosma, Elena Luminita"]
[Black "Hou, Yifan"]
[Result "0-1"]
[WhiteElo "2324"]
[BlackElo "2651"]
[PlyCount "88"]
[EventDate "2016.11.30"]
[EventType "match (blitz)"]
[EventRounds "2"]
[EventCountry "ROU"]
[SourceTitle "CBM 175 Extra"]
[Source "ChessBase"]
[SourceDate "2016.12.12"]
[SourceVersion "1"]
[SourceVersionDate "2016.12.12"]
[SourceQuality "1"]

1. d4 Nf6 2. Nf3 b6 3. g3 Bb7 4. Bg2 g6 5. c4 Bg7 6. O-O O-O 7. Nc3 e6 8. Bg5
h6 9. Bxf6 Qxf6 10. e4 d6 11. e5 Qe7 12. Re1 Nd7 13. exd6 cxd6 14. d5 e5 15.
Nd4 a6 16. Nc6 Qe8 17. b4 f5 18. Rc1 Qf7 19. a3 Rae8 20. Qd2 Kh7 21. Rcd1 e4
22. Ne2 Ne5 23. Ned4 Nxc4 24. Qc1 Qxd5 25. b5 axb5 26. Nb4 Qc5 27. Nb3 Qe5 28.
Nd4 Rc8 29. Qf4 Nxa3 30. Qxe5 Bxe5 31. f4 exf3 32. Nxf3 Bxf3 33. Bxf3 Nc2 34.
Nxc2 Rxc2 35. Rb1 Rc5 36. Be2 b4 37. Red1 Rc2 38. Bd3 Rb2 39. Rbc1 Bc3 40. Bc4
Rd8 41. Ra1 Kg7 42. Ra7+ Kf6 43. Rd3 h5 44. Re3 Bd4 0-1

[Event "Harbin U20 op"]
[Site "Harbin"]
[Date "2017.01.18"]
[Round "2"]
[White "Liu, Zhaoqi"]
[Black "Hou, Yifan B"]
[Result "1-0"]
[WhiteElo "2172"]
[BlackElo "1635"]
[PlyCount "175"]
[EventDate "2017.01.18"]
[EventType "swiss"]
[EventRounds "9"]
[EventCountry "CHN"]
[SourceTitle "EXT 2018"]
[Source "ChessBase"]
[SourceDate "2017.10.13"]
[SourceVersion "1"]
[SourceVersionDate "2017.10.13"]
[SourceQuality "1"]

1. b3 e6 2. Bb2 Nf6 3. e3 d5 4. Nf3 Nbd7 5. c4 c6 6. d4 Bb4+ 7. Nbd2 Ne4 8. a3
Bxd2+ 9. Nxd2 Nxd2 10. Qxd2 f5 11. Bd3 Nf6 12. f3 O-O 13. O-O Bd7 14. a4 a6 15.
Ba3 Rf7 16. Bd6 Ne8 17. Be5 Qg5 18. c5 Nf6 19. b4 Rc8 20. Rfb1 Nh5 21. b5 axb5
22. axb5 cxb5 23. Bxb5 Bxb5 24. Rxb5 f4 25. exf4 Nxf4 26. Bxf4 Qxf4 27. Qxf4
Rxf4 28. Rxb7 Rxd4 29. Raa7 h5 30. Rxg7+ Kh8 31. Rge7 Rc4 32. Rxe6 h4 33. Rd7
Rc1+ 34. Kf2 Rc2+ 35. Ke3 Rxg2 36. c6 Rc2 37. Rxd5 Kg8 38. h3 R8xc6 39. Rxc6
Rxc6 40. Rd4 Kg7 41. Rxh4 Kg6 42. Rg4+ Kf5 43. h4 Rc3+ 44. Kf2 Rc2+ 45. Kg3 Rc1
46. Rg5+ Kf6 47. Ra5 Kg6 48. Kg4 Rg1+ 49. Kf4 Rb1 50. Rg5+ Kf6 51. Rf5+ Kg6 52.
Rg5+ Kf6 53. Rg8 Kf7 54. Rg5 Kf6 55. h5 Rh1 56. Rg6+ Kf7 57. Kg5 Rg1+ 58. Kf5
Rh1 59. Rg5 Rh2 60. Kg4 Rg2+ 61. Kh4 Rh2+ 62. Kg3 Rh1 63. Kg2 Rh4 64. Kg3 Rh1
65. Ra5 Rg1+ 66. Kf4 Rh1 67. Ra7+ Kg8 68. Kg5 Rg1+ 69. Kh6 Kf8 70. f4 Rg2 71.
f5 Rh2 72. Kg6 Rg2+ 73. Kf6 Kg8 74. h6 Rb2 75. Re7 Rb6+ 76. Re6 Rb1 77. Rd6 Re1
78. Rd8+ Kh7 79. Kf7 Ra1 80. f6 Ra7+ 81. Ke6 Ra6+ 82. Ke7 Kg6 83. Rg8+ Kf5 84.
Rd8 Ra7+ 85. Kf8 Kg6 86. Kg8 Rf7 87. Rd1 Ra7 88. f7 1-0

[Event "Harbin U20 op"]
[Site "Harbin"]
[Date "2017.01.19"]
[Round "3"]
[White "Hou, Yifan B"]
[Black "Liu, Yuanxin"]
[Result "1-0"]
[WhiteElo "1635"]
[BlackElo "1374"]
[PlyCount "89"]
[EventDate "2017.01.18"]
[EventType "swiss"]
[EventRounds "9"]
[EventCountry "CHN"]
[SourceTitle "EXT 2018"]
[Source "ChessBase"]
[SourceDate "2017.10.13"]
[SourceVersion "1"]
[SourceVersionDate "2017.10.13"]
[SourceQuality "1"]

1. d4 d5 2. g3 Nf6 3. Bg2 e6 4. Nf3 c5 5. O-O Be7 6. dxc5 Bxc5 7. c4 O-O 8. Nc3
dxc4 9. Qa4 Be7 10. Qxc4 Nbd7 11. Rd1 Qb6 12. a3 a6 13. Be3 Qa5 14. b4 Qf5 15.
h3 Ne5 16. Nxe5 Qxe5 17. Bf4 Qf5 18. e4 Qg6 19. Qc7 Re8 20. Na4 e5 21. Nb6 exf4
22. Nxa8 fxg3 23. Qxg3 Qxg3 24. fxg3 Bd8 25. Rac1 Be6 26. Nc7 Bxc7 27. Rxc7 b5
28. Rc6 Bb3 29. Rd4 g6 30. Rxf6 Kg7 31. Rf3 Bc4 32. Rxc4 bxc4 33. Rc3 Rc8 34.
Bf1 Kf6 35. Rxc4 Re8 36. Rc6+ Kg7 37. Rxa6 Rxe4 38. b5 Re3 39. Kf2 Rb3 40. b6
Kf6 41. a4 Rb2+ 42. Be2 Rb4 43. b7+ Kg7 44. Bb5 Rb2+ 45. Ke3 1-0

[Event "Harbin U20 op"]
[Site "Harbin"]
[Date "2017.01.19"]
[Round "4"]
[White "Hou, Yifan B"]
[Black "Chiryasov, Sergey"]
[Result "0-1"]
[WhiteElo "1635"]
[BlackElo "1982"]
[PlyCount "96"]
[EventDate "2017.01.18"]
[EventType "swiss"]
[EventRounds "9"]
[EventCountry "CHN"]
[SourceTitle "EXT 2018"]
[Source "ChessBase"]
[SourceDate "2017.10.13"]
[SourceVersion "1"]
[SourceVersionDate "2017.10.13"]
[SourceQuality "1"]

1. d4 Nf6 2. Nf3 g6 3. g3 Bg7 4. Bg2 O-O 5. c4 d6 6. O-O Nc6 7. Nc3 e5 8. d5
Nb8 9. e4 Nfd7 10. Rb1 a5 11. a3 f5 12. Ng5 Nf6 13. b4 axb4 14. axb4 Qe7 15.
Bd2 f4 16. Qb3 Nh5 17. Ne6 Bxe6 18. dxe6 Qxe6 19. Nd5 Qf7 20. g4 Nf6 21. f3 Nc6
22. Bc3 g5 23. Ra1 h5 24. h3 Nxd5 25. cxd5 Nd4 26. Bxd4 exd4 27. Qc4 c6 28.
gxh5 cxd5 29. exd5 Rac8 30. Qd3 Rc3 31. Qg6 Qxg6 32. hxg6 d3 33. h4 gxh4 34.
Bh3 Bd4+ 35. Kh1 Kg7 36. Ra2 Be3 37. Rd1 d2 38. Kg2 Kxg6 39. Be6 Kf6 40. Raxd2
Bxd2 41. Rxd2 Ra8 42. Bg4 Ra1 43. Re2 Rac1 44. Kh3 R3c2 45. Rxc2 Rxc2 46. Kxh4
Ke5 47. Be6 Rb2 48. Kh5 Rxb4 0-1

[Event "Harbin U20 op"]
[Site "Harbin"]
[Date "2017.01.20"]
[Round "5"]
[White "Li, Xintong"]
[Black "Hou, Yifan B"]
[Result "0-1"]
[WhiteElo "1436"]
[BlackElo "1635"]
[PlyCount "90"]
[EventDate "2017.01.18"]
[EventType "swiss"]
[EventRounds "9"]
[EventCountry "CHN"]
[SourceTitle "EXT 2018"]
[Source "ChessBase"]
[SourceDate "2017.10.13"]
[SourceVersion "1"]
[SourceVersionDate "2017.10.13"]
[SourceQuality "1"]

1. e4 c5 2. Nf3 Nc6 3. Bb5 g6 4. c3 Bg7 5. O-O Nf6 6. Re1 O-O 7. d3 Qc7 8. Be3
b6 9. h3 Bb7 10. Nbd2 d5 11. Qb1 e6 12. Bg5 Nd7 13. Bh4 Rfe8 14. Bg3 Qc8 15.
Nf1 a6 16. Ba4 b5 17. Bc2 b4 18. cxb4 Nxb4 19. Bb3 c4 20. dxc4 dxc4 21. Rc1 Nb6
22. Bxc4 Nxc4 23. Ne3 Nxe3 24. Rxc8 Raxc8 25. fxe3 Nc2 26. Nd4 Nxa1 27. Qxa1
Bxe4 28. Qf1 e5 29. Nf3 Rc2 30. Qxa6 Rd8 31. Qa4 Rc1+ 32. Kf2 Rc2+ 33. Kg1 Rc1+
34. Kf2 Bc6 35. Qb3 h6 36. e4 Bxe4 37. Bxe5 Bxf3 38. Bxg7 Bd1 39. Qb6 Rd2+ 40.
Kg3 Kxg7 41. Qe3 Rcc2 42. Qe5+ Kh7 43. Qe7 Rxg2+ 44. Kh4 g5+ 45. Qxg5 hxg5# 0-1

[Event "Harbin U20 op"]
[Site "Harbin"]
[Date "2017.01.21"]
[Round "7"]
[White "Karpinsky, Kirill"]
[Black "Hou, Yifan B"]
[Result "1/2-1/2"]
[WhiteElo "2010"]
[BlackElo "1635"]
[PlyCount "61"]
[EventDate "2017.01.18"]
[EventType "swiss"]
[EventRounds "9"]
[EventCountry "CHN"]
[SourceTitle "EXT 2018"]
[Source "ChessBase"]
[SourceDate "2017.10.13"]
[SourceVersion "1"]
[SourceVersionDate "2017.10.13"]
[SourceQuality "1"]

1. d4 f5 2. c4 Nf6 3. Nc3 e6 4. g3 d5 5. Bg2 c6 6. Nf3 Bd6 7. O-O O-O 8. Bf4
Ne4 9. Bxd6 Qxd6 10. Qc2 Nd7 11. Rad1 Ndf6 12. Ne5 Bd7 13. f3 Ng5 14. Qc1 Nf7
15. Nxf7 Rxf7 16. e4 Qb4 17. e5 Ne8 18. cxd5 cxd5 19. Rf2 Rc8 20. Rc2 Bc6 21.
Qd2 h6 22. Ne4 Qxd2 23. Nxd2 Rfc7 24. Rdc1 Bb5 25. Rxc7 Rxc7 26. Rxc7 Nxc7 27.
Kf2 Kf7 28. Bf1 Ke7 29. Bxb5 Nxb5 30. Ke3 Kd7 31. Kd3 1/2-1/2

[Event "Harbin U20 op"]
[Site "Harbin"]
[Date "2017.01.21"]
[Round "8"]
[White "Shao, Wenbin"]
[Black "Hou, Yifan B"]
[Result "1/2-1/2"]
[WhiteElo "2019"]
[BlackElo "1635"]
[PlyCount "68"]
[EventDate "2017.01.18"]
[EventType "swiss"]
[EventRounds "9"]
[EventCountry "CHN"]
[SourceTitle "EXT 2018"]
[Source "ChessBase"]
[SourceDate "2017.10.13"]
[SourceVersion "1"]
[SourceVersionDate "2017.10.13"]
[SourceQuality "1"]

1. e4 c5 2. Nf3 Nc6 3. d4 cxd4 4. Nxd4 Qc7 5. Nc3 e6 6. g3 a6 7. Bg2 Nf6 8. O-O
Be7 9. Be3 d6 10. h3 Bd7 11. f4 Nxd4 12. Qxd4 e5 13. Qd2 Bc6 14. a4 exf4 15.
Bxf4 Nd7 16. Kh2 O-O 17. Be3 Ne5 18. Bd4 Rfe8 19. Rad1 Bf8 20. Rf2 Rad8 21.
Rdf1 Rd7 22. Qf4 Re6 23. Qd2 Rh6 24. Qe2 Qd8 25. Rf4 Re7 26. b4 Qc8 27. Kg1 Rg6
28. Qf2 f6 29. g4 Re8 30. Kh1 Bd7 31. Rb1 h5 32. gxh5 Rg5 33. Qh4 Qc4 34. Rd1
Qxb4 1/2-1/2